[Event "25. Open Pula 2011"]
[Site "Pula CRO"]
[Date "2011.06.23"]
[Round "7.16"]
[White "Frank, Paul"]
[Black "Bodiroga, Predrag"]
[Result "0-1"]
[WhiteElo "2295"]
[BlackElo "2384"]
[PlyCount "80"]
[EventDate "2011.06.18"]
[EventType "swiss"]
[EventRounds "9"]
[EventCountry "CRO"]
[Source "lmi"]
[SourceDate "2011.06.18"]

1. Nf3 d5 2. d4 Nf6 3. g3 Bg4 4. Bg2 e6 5. O-O Nbd7 6. c4 c6 7. Nc3 Be7 8. Ne5
Bh5 9. Qb3 Qb6 10. Nxd7 Nxd7 11. e4 dxe4 12. Nxe4 O-O 13. Be3 Rfd8 14. Qc2 Qa6
15. Rfe1 Bg6 16. Qe2 Nf6 17. f3 Rac8 18. Bf2 b6 19. Red1 h6 20. Nc3 Rd7 21. h3
Rcd8 22. f4 c5 23. Nb5 cxd4 24. Bc6 d3 25. Qe5 Qc8 26. Bxd7 Rxd7 27. Rac1 a6
28. f5 Bxf5 29. Nd4 Bg6 30. Nf3 Ne4 31. b4 d2 32. Nxd2 Nxd2 33. Qe2 Bxb4 34.
Be3 Bd3 35. Qg2 Be4 36. Qf2 Nf3+ 37. Kh1 Rxd1+ 38. Rxd1 Qxc4 39. Bxb6 e5 40. h4
Qe6 0-1

[Event "25. Open Pula 2011"]
[Site "Pula CRO"]
[Date "2011.06.23"]
[Round "7.17"]
[White "Tjomsland, Stig"]
[Black "Frindt, Kornel"]
[Result "1-0"]
[WhiteElo "2378"]
[BlackElo "2208"]
[PlyCount "143"]
[EventDate "2011.06.18"]
[EventType "swiss"]
[EventRounds "9"]
[EventCountry "CRO"]
[Source "lmi"]
[SourceDate "2011.06.18"]

1. d4 Nf6 2. c4 g6 3. Nc3 Bg7 4. e4 d6 5. Nf3 O-O 6. h3 c5 7. Be2 Na6 8. O-O
Bd7 9. Be3 b6 10. Qd2 cxd4 11. Nxd4 Nc5 12. Bf3 Rc8 13. Rad1 Ne6 14. b3 Nxd4
15. Bxd4 Bc6 16. Rfe1 e5 17. Be3 Ne8 18. Nb5 Bxb5 19. cxb5 Bf6 20. Bg4 Rc7 21.
a4 Qa8 22. Qd3 Be7 23. Rc1 h5 24. Bf3 Qb8 25. Rc6 Ng7 26. Rec1 Rfc8 27. b4 Ne6
28. Bd1 Nd8 29. R6c4 Kf8 30. Bb3 Rxc4 31. Rxc4 Rxc4 32. Qxc4 Ke8 33. a5 Kd7 34.
Qd3 Qc7 35. Bd2 Bf6 36. Bd5 Ke8 37. g4 hxg4 38. hxg4 Ke7 39. Kg2 Ne6 40. Bc6
Nf4+ 41. Bxf4 exf4 42. Qd2 Be5 43. f3 Qd8 44. Qf2 Qh8 45. axb6 Bd4 46. bxa7
Bxf2 47. a8=Q Qxa8 48. Bxa8 Bb6 49. g5 f6 50. gxf6+ Kxf6 51. Bd5 g5 52. Kh3 Bd8
53. Kg4 Bb6 54. Kh5 Bd8 55. Bc6 Bb6 56. Bd7 Bd8 57. Bc6 Bb6 58. Bd5 Bd8 59. Bc4
Bb6 60. Kh6 Bd8 61. Kh7 Bb6 62. Kg8 g4 63. fxg4 f3 64. Kf8 Be3 65. Ke8 Ke5 66.
Kd7 Kxe4 67. Kxd6 Bd2 68. b6 Bxb4+ 69. Ke6 Bd2 70. b7 Bf4 71. g5 Kd4 72. Bf1
1-0

[Event "25. Open Pula 2011"]
[Site "Pula CRO"]
[Date "2011.06.23"]
[Round "7.18"]
[White "Somborski, Nebojsa"]
[Black "Rabus, Berthold"]
[Result "1-0"]
[WhiteElo "2376"]
[BlackElo "2198"]
[PlyCount "55"]
[EventDate "2011.06.18"]
[EventType "swiss"]
[EventRounds "9"]
[EventCountry "CRO"]
[Source "lmi"]
[SourceDate "2011.06.18"]

1. e4 c5 2. Nf3 d6 3. d4 cxd4 4. Nxd4 Nf6 5. Nc3 a6 6. Be2 e6 7. O-O Be7 8. f4
Qc7 9. a4 O-O 10. Kh1 b6 11. Bf3 Bb7 12. e5 dxe5 13. fxe5 Nfd7 14. Bxb7 Qxb7
15. Bf4 Nc6 16. Qf3 Rac8 17. Rad1 Nc5 18. Qg3 Rfd8 19. Nf3 Rxd1 20. Rxd1 Rd8
21. Rxd8+ Nxd8 22. Bh6 Bf8 23. Qg4 b5 24. axb5 axb5 25. Be3 Qd7 26. h4 Kh8 27.
h5 h6 28. Qb4 1-0

[Event "25. Open Pula 2011"]
[Site "Pula CRO"]
[Date "2011.06.23"]
[Round "7.19"]
[White "Aguera Naredo, Javier"]
[Black "Wertjanz, David"]
[Result "1/2-1/2"]
[WhiteElo "2353"]
[BlackElo "2197"]
[PlyCount "66"]
[EventDate "2011.06.18"]
[EventType "swiss"]
[EventRounds "9"]
[EventCountry "CRO"]
[Source "lmi"]
[SourceDate "2011.06.18"]

1. e4 c5 2. Nf3 d6 3. d4 cxd4 4. Nxd4 Nf6 5. Nc3 a6 6. Be3 e6 7. Qd2 b5 8. f3
Nbd7 9. O-O-O b4 10. Nce2 Qc7 11. Qxb4 d5 12. Qc3 Qxc3 13. Nxc3 e5 14. Nb3 d4
15. Nxd4 exd4 16. Bxd4 Bc5 17. Bxc5 Nxc5 18. e5 Nfd7 19. Nd5 Ne6 20. f4 Bb7 21.
g3 Bxd5 22. Rxd5 Nc7 23. Ra5 Ke7 24. Be2 Rhd8 25. c3 Nb6 26. Rc5 Nb5 27. Bxb5
axb5 28. Rxb5 Rxa2 29. Kc2 Nc4 30. Kb3 Nd2+ 31. Kc2 Nc4 32. Kb3 Nd2+ 33. Kc2
Nc4 1/2-1/2

[Event "25. Open Pula 2011"]
[Site "Pula CRO"]
[Date "2011.06.23"]
[Round "7.22"]
[White "Loncar, Robert"]
[Black "Frank, Dieter"]
[Result "1/2-1/2"]
[WhiteElo "2388"]
[BlackElo "2145"]
[PlyCount "56"]
[EventDate "2011.06.18"]
[EventType "swiss"]
[EventRounds "9"]
[EventCountry "CRO"]
[Source "lmi"]
[SourceDate "2011.06.18"]

1. Nf3 Nf6 2. c4 e6 3. Nc3 d5 4. d4 Be7 5. Bg5 Nbd7 6. e3 O-O 7. cxd5 exd5 8.
Bd3 b6 9. Qc2 Bb7 10. O-O c5 11. Rad1 c4 12. Bf5 h6 13. Bh4 a6 14. Ne5 b5 15.
a3 Re8 16. f4 Qc7 17. Rd2 Bc6 18. g4 Nxg4 19. Bxe7 Ndxe5 20. fxe5 Nxe3 21. Bd6
Qd8 22. Qb1 Qg5+ 23. Kh1 Nxf1 24. Rg2 Qf4 25. Ne2 Qf3 26. Ng1 Qf4 27. Ne2 Qf3
28. Ng1 Qf4 1/2-1/2

[Event "25. Open Pula 2011"]
[Site "Pula CRO"]
[Date "2011.06.23"]
[Round "7.26"]
[White "Kljako, Damir"]
[Black "Leer Salvesen, Bjarte"]
[Result "0-1"]
[WhiteElo "2192"]
[BlackElo "2365"]
[PlyCount "92"]
[EventDate "2011.06.18"]
[EventType "swiss"]
[EventRounds "9"]
[EventCountry "CRO"]
[Source "lmi"]
[SourceDate "2011.06.18"]

1. d4 d5 2. Nf3 e6 3. Bf4 Bd6 4. Bg3 Nf6 5. Nbd2 O-O 6. e3 c5 7. c3 Nc6 8. Bd3
b6 9. Ne5 Bb7 10. Nxc6 Bxc6 11. Bxd6 Qxd6 12. f4 cxd4 13. cxd4 Qb4 14. Qb3 Qa5
15. a3 Rfc8 16. Qb4 Ba4 17. O-O Bc2 18. Be2 Qxb4 19. axb4 a5 20. Rfc1 h6 21. h3
Ne4 22. Nxe4 Bxe4 23. bxa5 Rxc1+ 24. Rxc1 bxa5 25. Bf3 Bxf3 26. gxf3 Rb8 27.
Rc2 Rb3 28. Kf2 Kh7 29. Re2 Kg6 30. Kg3 a4 31. Kg4 Kf6 32. h4 Rd3 33. Kg3 Kg6
34. Kg4 Rd1 35. h5+ Kf6 36. Rc2 Rg1+ 37. Kh4 Re1 38. Rc3 Re2 39. Ra3 Rxb2 40.
Rxa4 Rb3 41. e4 Rxf3 42. Kg4 dxe4 43. d5 exd5 44. Ra6+ Ke7 45. Ra7+ Kd6 46.
Rxf7 Rf1 0-1

[Event "25. Open Pula 2011"]
[Site "Pula CRO"]
[Date "2011.06.23"]
[Round "7.27"]
[White "Pesce, Gabriele"]
[Black "Shalnev, Nicolai"]
[Result "1/2-1/2"]
[WhiteElo "2185"]
[BlackElo "2354"]
[PlyCount "59"]
[EventDate "2011.06.18"]
[EventType "swiss"]
[EventRounds "9"]
[EventCountry "CRO"]
[Source "lmi"]
[SourceDate "2011.06.18"]

1. e4 c5 2. Nf3 d6 3. d4 cxd4 4. Nxd4 Nf6 5. Nc3 a6 6. Bg5 e5 7. Nf5 Bxf5 8.
exf5 Nbd7 9. Nd5 Qa5+ 10. Nc3 d5 11. Bd2 Qc7 12. f3 Rc8 13. Bd3 Bb4 14. O-O Nc5
15. Kh1 Nxd3 16. cxd3 O-O 17. Qb3 Bxc3 18. bxc3 e4 19. dxe4 dxe4 20. Bg5 exf3
21. Rxf3 Ne4 22. Bf4 Qc5 23. Qxb7 Nf2+ 24. Kg1 Nh3+ 25. Kh1 Nf2+ 26. Kg1 Nh3+
27. Kh1 Nxf4 28. Rxf4 Qxc3 29. Raf1 Qf6 30. R4f2 1/2-1/2

[Event "25. Open Pula 2011"]
[Site "Pula CRO"]
[Date "2011.06.23"]
[Round "7.28"]
[White "Kerpe, Andreas"]
[Black "Plenca, Julian"]
[Result "0-1"]
[WhiteElo "2172"]
[BlackElo "2339"]
[PlyCount "70"]
[EventDate "2011.06.18"]
[EventType "swiss"]
[EventRounds "9"]
[EventCountry "CRO"]
[Source "lmi"]
[SourceDate "2011.06.18"]

1. e4 e6 2. d4 d5 3. e5 c5 4. c3 Bd7 5. Nf3 Qb6 6. Nbd2 cxd4 7. Nxd4 Nc6 8.
N2f3 f6 9. Bd3 O-O-O 10. Nxc6 Bxc6 11. Qe2 Kb8 12. O-O Ka8 13. Be3 Qc7 14. Bd4
fxe5 15. Nxe5 Nf6 16. b4 Be8 17. a4 Bd6 18. a5 Rc8 19. f4 Bg6 20. a6 b6 21.
Nxg6 hxg6 22. Bxf6 gxf6 23. Qxe6 Qc6 24. Rae1 g5 25. Bb5 Bc5+ 26. bxc5 Qxc5+
27. Kh1 Qxb5 28. Rd1 g4 29. Qxg4 Qxa6 30. Rfe1 Qb7 31. Qe6 Rh5 32. Qxf6 Qh7 33.
Kg1 Rxh2 34. Rd2 Rh6 35. Re7 Qb1+ 0-1

[Event "25. Open Pula 2011"]
[Site "Pula CRO"]
[Date "2011.06.23"]
[Round "7.29"]
[White "Shtivelband, Vladimir"]
[Black "Reichmann, Egon"]
[Result "1-0"]
[WhiteElo "2170"]
[BlackElo "2327"]
[PlyCount "75"]
[EventDate "2011.06.18"]
[EventType "swiss"]
[EventRounds "9"]
[EventCountry "CRO"]
[Source "lmi"]
[SourceDate "2011.06.18"]

1. c4 c5 2. Nf3 Nf6 3. d4 cxd4 4. Nxd4 e5 5. Nb5 d5 6. cxd5 Bc5 7. N1c3 O-O 8.
Na3 Bf5 9. Nc2 Na6 10. e3 Nc7 11. Bc4 Rc8 12. O-O Qe7 13. e4 Nxe4 14. Ne3 Bg6
15. Qb3 Nd6 16. Be2 Nce8 17. Na4 Bd4 18. Bd2 f5 19. Rfc1 Rxc1+ 20. Rxc1 f4 21.
Nc2 Qh4 22. Nxd4 exd4 23. Nc5 Nf6 24. Ne6 d3 25. Nxf8 Nfe4 26. Nxg6 Qxf2+ 27.
Kh1 dxe2 28. Qf3 hxg6 29. Qxf4 e1=Q+ 30. Rxe1 Qxd2 31. Qxd2 Nxd2 32. Re7 N2e4
33. Kg1 g5 34. Kf1 Kh7 35. Re6 Kg8 36. Ke2 g4 37. Ke3 g3 38. h3 1-0

[Event "25. Open Pula 2011"]
[Site "Pula CRO"]
[Date "2011.06.23"]
[Round "7.30"]
[White "Mestek, Igor"]
[Black "Petran, Peter"]
[Result "1/2-1/2"]
[WhiteElo "2160"]
[BlackElo "2321"]
[PlyCount "83"]
[EventDate "2011.06.18"]
[EventType "swiss"]
[EventRounds "9"]
[EventCountry "CRO"]
[Source "lmi"]
[SourceDate "2011.06.18"]

1. e4 c6 2. d4 d5 3. exd5 cxd5 4. Bd3 Nc6 5. c3 Nf6 6. Bf4 Bg4 7. Ne2 e6 8. Nd2
Bd6 9. f3 Bh5 10. O-O Bg6 11. Nb3 Qc7 12. Qd2 O-O 13. Bxg6 hxg6 14. Bxd6 Qxd6
15. Qf4 Qe7 16. Rfe1 Rfc8 17. Nec1 Ne8 18. Nd3 Nd6 19. Re2 Nc4 20. Rae1 b6 21.
Nd2 Nd6 22. h4 Qc7 23. g4 Ne8 24. Kg2 Qxf4 25. Nxf4 Nf6 26. Nf1 Nd7 27. g5 Ne7
28. Ng3 Nf8 29. Rh1 b5 30. Nd3 Nd7 31. a3 Rc7 32. f4 a5 33. Kf3 Nf8 34. h5 gxh5
35. Rxh5 Nfg6 36. Reh2 Rac8 37. Rh7 Kf8 38. Kg4 Rc6 39. Re2 Kg8 40. Reh2 Kf8
41. Re2 Kg8 42. Reh2 1/2-1/2

[Event "25. Open Pula 2011"]
[Site "Pula CRO"]
[Date "2011.06.24"]
[Round "8.1"]
[White "Jovanovic, Zoran"]
[Black "Kovacevic, Aleksandar"]
[Result "1/2-1/2"]
[WhiteElo "2553"]
[BlackElo "2575"]
[PlyCount "116"]
[EventDate "2011.06.18"]
[EventType "swiss"]
[EventRounds "9"]
[EventCountry "CRO"]
[Source "lmi"]
[SourceDate "2011.06.18"]

1. e4 c5 2. Nf3 d6 3. d4 cxd4 4. Qxd4 a6 5. Be3 Nf6 6. Nc3 Ng4 7. Nd5 Nxe3 8.
Qxe3 Nd7 9. O-O-O e6 10. Nf4 Qc7 11. h4 Be7 12. Rh3 Qc5 13. Qe1 b5 14. Rg3 O-O
15. Ng5 Nf6 16. Nd3 Qb6 17. e5 dxe5 18. Nxe5 Bb7 19. Bd3 h6 20. Ne4 Nxe4 21.
Bxe4 Bxh4 22. Nd7 Qc7 23. Bxb7 Bxg3 24. Bxa8 Bf4+ 25. Kb1 Rxa8 26. Qb4 Rc8 27.
c3 Qc4 28. Qxc4 Rxc4 29. g3 Bc7 30. Kc2 Rc6 31. b4 f6 32. a4 bxa4 33. Ra1 Bd6
34. Rxa4 Kf7 35. Kd3 h5 36. Nc5 Bxc5 37. bxc5 Rxc5 38. Rxa6 g5 39. Ra8 Kg6 40.
Rg8+ Kf5 41. f3 Rd5+ 42. Ke3 Re5+ 43. Kd2 g4 44. fxg4+ hxg4 45. Ra8 Rb5 46. Kc2
e5 47. c4 Rb7 48. Ra6 Rb4 49. Rc6 Ra4 50. Kb3 Ra1 51. Rd6 Rf1 52. c5 Rf3+ 53.
Kc2 Rxg3 54. c6 Rg2+ 55. Kb1 Rg1+ 56. Kb2 Rg2+ 57. Kb1 Rg1+ 58. Kb2 Rg2+
1/2-1/2

[Event "25. Open Pula 2011"]
[Site "Pula CRO"]
[Date "2011.06.24"]
[Round "8.2"]
[White "Kuljasevic, Davorin"]
[Black "Mencinger, Vojko"]
[Result "1-0"]
[WhiteElo "2537"]
[BlackElo "2399"]
[PlyCount "53"]
[EventDate "2011.06.18"]
[EventType "swiss"]
[EventRounds "9"]
[EventCountry "CRO"]
[Source "lmi"]
[SourceDate "2011.06.18"]

1. d4 Nf6 2. c4 e6 3. Nc3 Bb4 4. Qc2 O-O 5. a3 Bxc3+ 6. Qxc3 Ne4 7. Qc2 f5 8.
Nh3 d6 9. f3 Nf6 10. e3 e5 11. dxe5 dxe5 12. Be2 a5 13. b3 f4 14. Nf2 fxe3 15.
Bxe3 Nc6 16. O-O Nd4 17. Bxd4 exd4 18. Bd3 g6 19. Rfe1 Kg7 20. Re5 Qd6 21. Rae1
c5 22. Rg5 Nd7 23. Ng4 Ra6 24. Qf2 Qf4 25. Qh4 Rc6 26. Qh6+ Kg8 27. Bxg6 1-0

[Event "25. Open Pula 2011"]
[Site "Pula CRO"]
[Date "2011.06.24"]
[Round "8.3"]
[White "Drazic, Sinisa"]
[Black "Antal, Gergely"]
[Result "1/2-1/2"]
[WhiteElo "2486"]
[BlackElo "2530"]
[PlyCount "80"]
[EventDate "2011.06.18"]
[EventType "swiss"]
[EventRounds "9"]
[EventCountry "CRO"]
[Source "lmi"]
[SourceDate "2011.06.18"]

1. e4 c6 2. d3 d5 3. Nd2 g6 4. Ngf3 Bg7 5. g3 e5 6. Bg2 Ne7 7. O-O O-O 8. Qe2
Qc7 9. b4 a5 10. bxa5 Rxa5 11. Nb3 Ra4 12. c3 dxe4 13. dxe4 Be6 14. Qc2 Bxb3
15. Qxb3 b5 16. Nd2 Nd7 17. c4 Nc5 18. Qc2 Rfa8 19. cxb5 cxb5 20. Nb3 Rc4 21.
Qb1 Na4 22. Bd2 Nc3 23. Bxc3 Rxc3 24. Rc1 b4 25. Rxc3 Qxc3 26. Qd1 Bh6 27. Qe2
Nc6 28. Rd1 Na5 29. Rd3 Qc7 30. Bf1 Nxb3 31. Rxb3 Bf8 32. Rb2 Rc8 33. Kg2 Kg7
34. h4 h5 35. Qb5 Qd6 36. Qe2 Rc1 37. Rc2 Rxc2 38. Qxc2 Qd4 39. Bc4 Bc5 40. Bb3
Bb6 1/2-1/2

[Event "25. Open Pula 2011"]
[Site "Pula CRO"]
[Date "2011.06.24"]
[Round "8.4"]
[White "Doric, Darko"]
[Black "Shengelia, Davit"]
[Result "1/2-1/2"]
[WhiteElo "2456"]
[BlackElo "2511"]
[PlyCount "144"]
[EventDate "2011.06.18"]
[EventType "swiss"]
[EventRounds "9"]
[EventCountry "CRO"]
[Source "lmi"]
[SourceDate "2011.06.18"]

1. d4 Nf6 2. c4 e6 3. Nc3 Bb4 4. Qc2 O-O 5. a3 Bxc3+ 6. Qxc3 b6 7. Bg5 Bb7 8.
f3 d6 9. Nh3 Nbd7 10. e4 c5 11. dxc5 bxc5 12. Rd1 Qb6 13. Be2 d5 14. exd5 exd5
15. O-O Rfe8 16. Bd3 Ne5 17. Bxf6 Qxf6 18. cxd5 Nxd3 19. Qxf6 gxf6 20. Rxd3 Ba6
21. Rc3 Bxf1 22. Kxf1 Rab8 23. b3 Kf8 24. Kf2 Ke7 25. Rxc5 Rxb3 26. Rc7+ Kd6
27. Rxa7 Rb2+ 28. Kg3 Rg8+ 29. Kf4 Rbxg2 30. Rxf7 Rxh2 31. Rxf6+ Kxd5 32. Rh6
Rg7 33. a4 Ra2 34. Ng5 Rxa4+ 35. Kf5 Raa7 36. f4 Rge7 37. Kg4 Red7 38. Kf5 Kd4
39. Kg4 Rg7 40. Kf5 Kd5 41. Rf6 Rg8 42. Rh6 Rf8+ 43. Kg4 Ra4 44. Rxh7 Rfxf4+
45. Kh5 Rh4+ 46. Kg6 Rxh7 47. Nxh7 Ke5 48. Kf7 Ra7+ 49. Kg6 Ra8 50. Kf7 Kf5 51.
Nf8 Ra7+ 52. Ke8 Ke5 53. Nd7+ Kd6 54. Nf8 Rg7 55. Kd8 Rf7 56. Ke8 Re7+ 57. Kd8
Re4 58. Ng6 Rg4 59. Nf8 Rd4 60. Ke8 Rf4 61. Ng6 Rf6 62. Nf8 Rf1 63. Ng6 Ke6 64.
Nf8+ Ke5 65. Ke7 Ra1 66. Nd7+ Kd5 67. Nf6+ Kc5 68. Ke6 Ra6+ 69. Ke5 Kc6 70. Ne4
Ra5+ 71. Kd4 Rh5 72. Ke3 Rh8 1/2-1/2

[Event "25. Open Pula 2011"]
[Site "Pula CRO"]
[Date "2011.06.24"]
[Round "8.5"]
[White "Zelcic, Robert"]
[Black "Genocchio, Daniele"]
[Result "1-0"]
[WhiteElo "2557"]
[BlackElo "2431"]
[PlyCount "77"]
[EventDate "2011.06.18"]
[EventType "swiss"]
[EventRounds "9"]
[EventCountry "CRO"]
[Source "lmi"]
[SourceDate "2011.06.18"]

1. e4 e5 2. Nf3 Nc6 3. Bb5 Nge7 4. c3 g6 5. O-O Bg7 6. d4 exd4 7. cxd4 d5 8.
exd5 Nxd5 9. Re1+ Be6 10. Bg5 Qd6 11. Nbd2 O-O 12. Nc4 Qb4 13. a4 Rfe8 14. Bd2
Qf8 15. Na5 a6 16. Bxc6 bxc6 17. Nxc6 Qd6 18. Rc1 Bg4 19. h3 Rxe1+ 20. Bxe1 Be6
21. Bd2 h6 22. Qe2 Kh7 23. Nce5 Ne7 24. Bf4 Bd5 25. Nd3 Bxf3 26. Qxf3 Qd5 27.
Qxd5 Nxd5 28. Be5 Rb8 29. Rc5 Rd8 30. a5 Bf8 31. Rc6 Rb8 32. Rxa6 g5 33. Kh2
Rb3 34. Ra8 Bd6 35. a6 Rxd3 36. Rh8+ Kg6 37. a7 Nb6 38. Bxd6 cxd6 39. Rb8 1-0

[Event "25. Open Pula 2011"]
[Site "Pula CRO"]
[Date "2011.06.24"]
[Round "8.6"]
[White "Popovic, Dusan"]
[Black "Tjomsland, Stig"]
[Result "1-0"]
[WhiteElo "2553"]
[BlackElo "2378"]
[PlyCount "143"]
[EventDate "2011.06.18"]
[EventType "swiss"]
[EventRounds "9"]
[EventCountry "CRO"]
[Source "lmi"]
[SourceDate "2011.06.18"]

1. g3 e5 2. Bg2 Nf6 3. d3 Nc6 4. Nf3 Be7 5. O-O O-O 6. c4 d5 7. Nc3 d4 8. Na4
h6 9. e3 dxe3 10. Bxe3 Bf5 11. d4 e4 12. Ne1 Qd7 13. Nc3 Rad8 14. Nc2 Bg4 15.
f3 exf3 16. Bxf3 Bh3 17. Bg2 Bxg2 18. Kxg2 Nb4 19. Nxb4 Bxb4 20. Qf3 Bxc3 21.
bxc3 Ng4 22. Bf4 Qf5 23. Rae1 Rde8 24. Re2 c6 25. h3 Nf6 26. Rb2 Qe6 27. c5 Ne4
28. Rxb7 Qxa2+ 29. Kg1 Re6 30. Rc7 Qa6 31. Rd1 Rfe8 32. Be5 Ng5 33. Qf5 Qe2 34.
Rf1 g6 35. Qg4 Rxe5 36. dxe5 Qxe5 37. Rc8 Rxc8 38. Qxc8+ Kg7 39. Qxc6 Ne4 40.
Rf3 Ng5 41. Rf1 Qxg3+ 42. Qg2 Nxh3+ 43. Kh1 Qxc3 44. Qf3 Qxf3+ 45. Rxf3 Ng5 46.
c6 Ne6 47. Rc3 Nc7 48. Rd3 g5 49. Rd7 Ne6 50. Rd6 Nc7 51. Rd7 Ne6 52. Rd6 Nc7
53. Kg2 a5 54. Kg3 h5 55. Rd7 Ne6 56. Rd6 Nc7 57. Rd7 Ne6 58. c7 Nxc7 59. Rxc7
Kg6 60. Rc6+ f6 61. Ra6 a4 62. Rxa4 h4+ 63. Kf3 f5 64. Ra5 Kf6 65. Rb5 Ke6 66.
Rb8 Ke5 67. Re8+ Kf6 68. Rg8 h3 69. Kg3 g4 70. Kf4 Kf7 71. Rg5 Ke6 72. Rh5 1-0

[Event "25. Open Pula 2011"]
[Site "Pula CRO"]
[Date "2011.06.24"]
[Round "8.8"]
[White "Jovanic, Ognjen"]
[Black "Somborski, Nebojsa"]
[Result "1-0"]
[WhiteElo "2479"]
[BlackElo "2376"]
[PlyCount "45"]
[EventDate "2011.06.18"]
[EventType "swiss"]
[EventRounds "9"]
[EventCountry "CRO"]
[Source "lmi"]
[SourceDate "2011.06.18"]

1. d4 d5 2. c4 e6 3. Nc3 Be7 4. cxd5 exd5 5. Bf4 c6 6. Qc2 Bd6 7. Bxd6 Qxd6 8.
e3 Ne7 9. Bd3 b6 10. Nf3 Ba6 11. O-O Bxd3 12. Qxd3 Qg6 13. e4 Nd7 14. Rae1 O-O
15. Nh4 Qh5 16. g3 Rfe8 17. e5 Nf8 18. f4 Nfg6 19. Ng2 Qf5 20. Qf3 Nf8 21. Ne3
Qd7 22. f5 c5 23. f6 1-0

[Event "25. Open Pula 2011"]
[Site "Pula CRO"]
[Date "2011.06.24"]
[Round "8.9"]
[White "Feletar, Darko"]
[Black "Fercec, Nenad"]
[Result "1/2-1/2"]
[WhiteElo "2377"]
[BlackElo "2453"]
[PlyCount "30"]
[EventDate "2011.06.18"]
[EventType "swiss"]
[EventRounds "9"]
[EventCountry "CRO"]
[Source "lmi"]
[SourceDate "2011.06.18"]

1. e4 c5 2. f4 Nc6 3. Nf3 e6 4. d4 cxd4 5. Nxd4 Nxd4 6. Qxd4 Ne7 7. Qf2 Nc6 8.
a3 d5 9. Bd3 dxe4 10. Bxe4 g6 11. Bd2 Bg7 12. Bc3 Bxc3+ 13. Nxc3 O-O 14. O-O
Bd7 15. Rad1 Qe7 1/2-1/2

[Event "25. Open Pula 2011"]
[Site "Pula CRO"]
[Date "2011.06.24"]
[Round "8.10"]
[White "Saric, Ante"]
[Black "Sandhu, Mario"]
[Result "1-0"]
[WhiteElo "2489"]
[BlackElo "2312"]
[PlyCount "81"]
[EventDate "2011.06.18"]
[EventType "swiss"]
[EventRounds "9"]
[EventCountry "CRO"]
[Source "lmi"]
[SourceDate "2011.06.18"]

1. d4 Nf6 2. c4 d6 3. Nf3 Nbd7 4. Nc3 e5 5. e4 Be7 6. Be2 O-O 7. O-O c6 8. Re1
a6 9. Rb1 Qc7 10. b4 Re8 11. Bb2 Nf8 12. h3 Ng6 13. Bf1 h6 14. d5 cxd5 15. cxd5
Bd7 16. a4 b6 17. Nd2 Reb8 18. Nc4 Ne8 19. a5 b5 20. Nb6 Rxb6 21. axb6 Qxb6 22.
Bc1 Bg5 23. Bxg5 hxg5 24. Qd2 Qd8 25. Ra1 Nf4 26. Ra3 g4 27. hxg4 Bxg4 28. Rea1
Nc7 29. Qe3 Rc8 30. Rc1 Qg5 31. Na2 Ne8 32. Rxa6 Rxc1 33. Nxc1 Bd7 34. Ra8 Kh7
35. g3 Qg6 36. Nd3 Nh5 37. Ne1 Nef6 38. Nf3 Ne8 39. Ng5+ Kg8 40. Bh3 f5 41.
Bxf5 1-0

[Event "25. Open Pula 2011"]
[Site "Pula CRO"]
[Date "2011.06.24"]
[Round "8.13"]
[White "Diermair, Andreas"]
[Black "Uwira, Oliver"]
[Result "1/2-1/2"]
[WhiteElo "2435"]
[BlackElo "2249"]
[PlyCount "88"]
[EventDate "2011.06.18"]
[EventType "swiss"]
[EventRounds "9"]
[EventCountry "CRO"]
[Source "lmi"]
[SourceDate "2011.06.18"]

1. d4 Nf6 2. c4 c5 3. d5 b5 4. cxb5 a6 5. bxa6 g6 6. Nc3 Bxa6 7. Nf3 d6 8. g3
Bg7 9. Bg2 Nbd7 10. Rb1 O-O 11. O-O Qa5 12. Bd2 Rfb8 13. b3 Qd8 14. Re1 Nb6 15.
Nh4 Ne8 16. Qc2 Nc7 17. a4 Bb7 18. e4 Qd7 19. Nf3 c4 20. b4 Nxa4 21. Nxa4 Qxa4
22. Qxc4 Nb5 23. Rbc1 Rc8 24. Qd3 Ba6 25. e5 Nc3 26. Qe3 Nxd5 27. Qe4 e6 28.
Ng5 dxe5 29. Qh4 Rxc1 30. Qxh7+ Kf8 31. Rxc1 Rc8 32. Re1 Nf6 33. Qh4 Rc4 34.
Nh7+ Ke7 35. Qh3 Nxh7 36. Qxh7 Bf6 37. h4 Qc2 38. Qh6 Rd4 39. Bg5 Rxb4 40.
Bxf6+ Kxf6 41. Qg5+ Kg7 42. Qxe5+ Kg8 43. Be4 Qb2 44. Qxb2 Rxb2 1/2-1/2

[Event "25. Open Pula 2011"]
[Site "Pula CRO"]
[Date "2011.06.24"]
[Round "8.14"]
[White "Zelbel, Patrick"]
[Black "Medic, Mirjana"]
[Result "1-0"]
[WhiteElo "2428"]
[BlackElo "2230"]
[PlyCount "57"]
[EventDate "2011.06.18"]
[EventType "swiss"]
[EventRounds "9"]
[EventCountry "CRO"]
[Source "lmi"]
[SourceDate "2011.06.18"]

1. e4 e6 2. d4 d5 3. Nc3 Bb4 4. e5 c5 5. a3 Bxc3+ 6. bxc3 Ne7 7. Qg4 Nf5 8. Bd3
h5 9. Qf4 Nc6 10. dxc5 Qa5 11. Bd2 Qxc5 12. Nf3 Nce7 13. O-O Bd7 14. Rfb1 b6
15. h3 Rc8 16. a4 Ng6 17. Qg5 Qe7 18. a5 Qxg5 19. Bxg5 O-O 20. axb6 axb6 21.
Ra7 Be8 22. Rxb6 f6 23. exf6 gxf6 24. Bxf5 exf5 25. Bxf6 Rf7 26. Rxf7 Bxf7 27.
Ng5 Kf8 28. Bd4 Nf4 29. Rf6 1-0

[Event "25. Open Pula 2011"]
[Site "Pula CRO"]
[Date "2011.06.24"]
[Round "8.15"]
[White "Schneider, Veronika"]
[Black "Bellia, Fabrizio"]
[Result "1/2-1/2"]
[WhiteElo "2251"]
[BlackElo "2415"]
[PlyCount "121"]
[EventDate "2011.06.18"]
[EventType "swiss"]
[EventRounds "9"]
[EventCountry "CRO"]
[Source "lmi"]
[SourceDate "2011.06.18"]

1. e4 e5 2. Nf3 Nc6 3. d4 exd4 4. Nxd4 Nf6 5. Nxc6 bxc6 6. e5 Qe7 7. Qe2 Nd5 8.
c4 Ba6 9. b3 g6 10. f4 d6 11. Qf2 Nf6 12. Be2 dxe5 13. O-O Ne4 14. Qf3 f5 15.
Nc3 Nxc3 16. Qxc3 Bg7 17. Qa5 exf4 18. Ba3 Qe3+ 19. Kh1 Bxa1 20. Rxa1 Qxe2 21.
Re1 Qxe1+ 22. Qxe1+ Kd7 23. Qe7+ Kc8 24. h3 Kb7 25. Bd6 Rac8 26. Bxf4 Rhe8 27.
Qb4+ Ka8 28. Bg3 Re2 29. Qa5 Kb7 30. Be5 Re4 31. Qb4+ Ka8 32. Qc5 Kb7 33. Bd4
Ra8 34. a4 h5 35. Kh2 h4 36. Bf2 Rf4 37. Qb4+ Kc8 38. Qd2 Re4 39. Qh6 Re6 40.
Qf8+ Kb7 41. Qb4+ Kc8 42. Bxh4 Rb8 43. Qf8+ Kb7 44. Qf7 Rbe8 45. Bd8 Ka8 46.
Qxc7 c5 47. Bh4 Rc8 48. Qa5 Bb7 49. Bf2 Re2 50. Kg1 Kb8 51. Bxc5 Rxg2+ 52. Kf1
a6 53. Bd6+ Ka8 54. c5 Rc2 55. b4 Re8 56. Be7 Rc1+ 57. Kf2 Rc2+ 58. Kf1 Rc1+
59. Kf2 Rc2+ 60. Kg3 g5 61. c6 1/2-1/2

[Event "25. Open Pula 2011"]
[Site "Pula CRO"]
[Date "2011.06.24"]
[Round "8.17"]
[White "Biti, Ozren"]
[Black "Valli, Frans"]
[Result "1/2-1/2"]
[WhiteElo "2378"]
[BlackElo "2223"]
[PlyCount "115"]
[EventDate "2011.06.18"]
[EventType "swiss"]
[EventRounds "9"]
[EventCountry "CRO"]
[Source "lmi"]
[SourceDate "2011.06.18"]

1. e4 e5 2. Nf3 Nc6 3. Bc4 Bc5 4. c3 Nf6 5. d3 a6 6. Bb3 Ba7 7. h3 d6 8. Nbd2
O-O 9. Nf1 d5 10. Qe2 Be6 11. Bg5 dxe4 12. dxe4 Bxb3 13. axb3 Qd6 14. Ng3 Qe6
15. Nd2 Ne8 16. Nf5 f6 17. Be3 Bxe3 18. Nxe3 Rd8 19. Qg4 Qxg4 20. hxg4 a5 21.
Ke2 Rf7 22. Nd5 Rfd7 23. Rhd1 Kf7 24. Nc4 b6 25. f3 Ne7 26. Nce3 Nc8 27. Nc4
Ne7 28. Nde3 Rxd1 29. Nxd1 Nd6 30. Nde3 Nb7 31. b4 axb4 32. cxb4 Nc6 33. Nd5
Rd7 34. Ra8 Nbd8 35. Rc8 Ne6 36. Ke3 Ne7 37. Nxe7 Kxe7 38. g3 Rd4 39. b3 b5 40.
Na5 Kd7 41. Rh8 h6 42. f4 Rxb4 43. Rg8 Kd6 44. g5 hxg5 45. f5 Nc5 46. Rd8+ Nd7
47. Rg8 c6 48. Rxg7 Kc7 49. Kf2 Rd4 50. Ke3 c5 51. g4 Rd6 52. Re7 Kd8 53. Re6
Rxe6 54. fxe6 Nf8 55. Nb7+ Ke7 56. Nxc5 Nxe6 57. Nxe6 Kxe6 58. b4 1/2-1/2